00476cam a22001452 4500001001100000005001700011008004100028020002500069040001500094100003000109245009100139260003800230300001200268650005000280000000849620151217152034.0080416s xx 000 0 eng d a0844741052 :cKES880 aKABUcKABU1 aPacker, J. I.@000015910410aKeep in step with the spirit :bfinding fullness in our walk with God /cJ. I. Packer. aLeicester, England :bIVP,c2005. a248 p. 0aChristian lifexAnglican authors.@0000159105